[Event "3MCR_4D_2LA_4S"]
[Site "?"]
[Date "1999.??.??"]
[Round "4"]
[White "Macik, Jiri"]
[Black "Trcka, Vaclav"]
[Result "0-1"]
[WhiteElo "2050"]
[BlackElo "2130"]
[PlyCount "84"]
[EventDate "1999.??.??"]
[EventType "corr"]

1. d4 f5 2. e4 fxe4 3. Nc3 Nf6 4. f3 d5 5. fxe4 dxe4 6. Bc4 Nc6 7. Nge2 e5 8.
Bg5 exd4 9. Nxe4 Bb4+ 10. c3 dxc3 11. Qxd8+ Nxd8 12. N4xc3 Be6 13. Bxe6 Nxe6
14. Bxf6 gxf6 15. O-O Rf8 16. Nd5 Bc5+ 17. Kh1 O-O-O 18. Nec3 Bd4 19. g4 Nc5
20. Rad1 Bxc3 21. Nxc3 Rxd1 22. Rxd1 Rd8 23. Rxd8+ Kxd8 24. Nd5 Nd7 25. Kg2 c6
26. Ne3 Ne5 27. b3 Kd7 28. Kg3 Ke6 29. a3 Nd3 30. b4 Ke5 31. Nc4+ Kd5 32. Nd2
c5 33. bxc5 Nxc5 34. Kf4 a5 35. Kf5 b5 36. Nf1 Kd4 37. Kf4 a4 38. Ne3 Nd3+ 39.
Kf3 Ne5+ 40. Ke2 Nc4 41. Nc2+ Kc3 42. Kd1 Kb2 0-1

[Event "3MCR_4D_2LA_4S"]
[Site "?"]
[Date "1999.??.??"]
[Round "4"]
[White "Bernath, Stepan"]
[Black "Jordanek, Jiri"]
[Result "0-1"]
[WhiteElo "1800"]
[BlackElo "1800"]
[PlyCount "56"]
[EventDate "1999.??.??"]
[EventType "corr"]

1. e4 c5 2. Nf3 Nc6 3. d4 cxd4 4. Nxd4 Nf6 5. Nc3 d6 6. Bc4 e6 7. Be3 a6 8. Bb3
Na5 9. g4 h6 10. f4 e5 11. Nf5 Nxb3 12. axb3 h5 13. Nd5 Nxd5 14. Qxd5 g6 15.
O-O-O gxf5 16. exf5 Bd7 17. fxe5 Bc6 18. Qd4 dxe5 19. Qxe5+ Qe7 20. Qxe7+ Bxe7
21. Rhe1 Kf8 22. g5 h4 23. Rd2 Rh5 24. f6 Bd8 25. Bf4 Kg8 26. c3 Kh7 27. Red1
Bb6 28. Re1 h3 0-1

[Event "3MCR_4D_2LA_4S"]
[Site "?"]
[Date "1999.??.??"]
[Round "4"]
[White "Volf, Frantisek"]
[Black "Doktor, Pavel"]
[Result "1-0"]
[WhiteElo "2000"]
[BlackElo "1985"]
[PlyCount "61"]
[EventDate "1999.??.??"]
[EventType "corr"]

1. d4 e6 2. e4 d5 3. Nc3 Bb4 4. e5 c5 5. a3 Bxc3+ 6. bxc3 Ne7 7. Bd3 Qa5 8. Bd2
Qa4 9. Qb1 c4 10. Be2 Nbc6 11. Bh5 Bd7 12. Ne2 Ng6 13. Qxb7 Rb8 14. Qc7 Qxc2
15. Rd1 Rb1 16. Ng3 Rxd1+ 17. Bxd1 Qb2 18. h4 Nf4 19. Bxf4 Qxc3+ 20. Bd2 Qxd4
21. Bb4 Qxe5+ 22. Qxe5 Nxe5 23. Bc2 f6 24. Kd2 d4 25. Rb1 c3+ 26. Kc1 Kf7 27.
f4 Nc6 28. Bc5 Rd8 29. Rb7 Kg8 30. Ne4 Be8 31. Bb3 1-0

[Event "3MCR_4D_2LA_4S"]
[Site "?"]
[Date "1999.??.??"]
[Round "4"]
[White "Orlicek, Karel"]
[Black "Spilka, Jiri"]
[Result "1/2-1/2"]
[WhiteElo "2010"]
[BlackElo "2000"]
[PlyCount "79"]
[EventDate "1999.??.??"]
[EventType "corr"]

1. d4 Nf6 2. Nf3 g6 3. Bg5 Bg7 4. Nbd2 O-O 5. e3 d6 6. Bd3 c5 7. O-O b6 8. c3
Bb7 9. e4 Nc6 10. d5 Nb8 11. c4 h6 12. Bh4 g5 13. Bg3 Nh5 14. Rb1 Nxg3 15. hxg3
Nd7 16. Nh2 Ne5 17. Bc2 Ba6 18. Qe2 e6 19. f4 Ng6 20. dxe6 gxf4 21. gxf4 fxe6
22. e5 Ne7 23. Qd3 Rf7 24. Rbd1 Nf5 25. g4 Nd4 26. Qh7+ Kf8 27. Bg6 Qh4 28.
Bxf7 Qg3+ 29. Kh1 Bb7+ 30. Ne4 Kxf7 31. Rxd4 Rh8 32. Rxd6 Rxh7 33. Rd7+ Kg6 34.
Rxb7 Qe3 35. f5+ exf5 36. gxf5+ Kh5 37. Nc3 Bxe5 38. Rxh7 Bxh2 39. Kxh2 Kh4 40.
f6 1/2-1/2

[Event "3MCR_4D_2LA_4S"]
[Site "?"]
[Date "1999.??.??"]
[Round "4"]
[White "Kovac, Alexandr"]
[Black "Portych, Vaclav"]
[Result "1-0"]
[WhiteElo "1800"]
[BlackElo "1925"]
[PlyCount "93"]
[EventDate "1999.??.??"]
[EventType "corr"]

1. d4 Nf6 2. c4 e6 3. Nc3 Bb4 4. Qc2 c5 5. dxc5 O-O 6. a3 Bxc5 7. Nf3 Nc6 8.
Bg5 Nd4 9. Nxd4 Bxd4 10. e3 Qa5 11. exd4 Qxg5 12. Qd2 Qxd2+ 13. Kxd2 b6 14. Bd3
Bb7 15. f3 d5 16. c5 bxc5 17. dxc5 e5 18. b4 e4 19. fxe4 dxe4 20. Be2 Rad8+ 21.
Ke3 Ng4+ 22. Bxg4 Rd3+ 23. Kf4 Rxc3 24. Rhc1 Rxc1 25. Rxc1 f5 26. Be2 h6 27. c6
Bc8 28. b5 Kf7 29. a4 Ke6 30. a5 g5+ 31. Ke3 Kd5 32. b6 axb6 33. axb6 Kd6 34.
b7 Kc7 35. bxc8=Q+ Rxc8 36. Kf2 f4 37. Rc4 Kd6 38. Rxe4 Rxc6 39. Kf3 Kd5 40.
Kg4 Kxe4 41. Bf3+ Ke5 42. Bxc6 Kf6 43. Kh5 Kg7 44. Be4 Kf6 45. Kxh6 g4 46. Kh5
f3 47. g3 1-0

[Event "3MCR_4D_2LA_4S"]
[Site "?"]
[Date "1999.??.??"]
[Round "4"]
[White "Volf, Frantisek"]
[Black "Pech, Jan"]
[Result "1-0"]
[WhiteElo "2000"]
[BlackElo "1800"]
[PlyCount "77"]
[EventDate "1999.??.??"]
[EventType "corr"]

1. d4 d5 2. c4 c6 3. cxd5 cxd5 4. Nc3 Nf6 5. Nf3 Nc6 6. Bf4 Bf5 7. e3 e6 8. Bb5
Nd7 9. Qa4 Qb6 10. Nh4 Be4 11. O-O-O Be7 12. f3 Bg6 13. Nxg6 hxg6 14. e4 Nf6
15. exd5 Nxd5 16. Nxd5 exd5 17. Rhe1 a6 18. Bxc6+ Qxc6+ 19. Qxc6+ bxc6 20. Rd3
Kf8 21. Re2 Bf6 22. Bd6+ Kg8 23. Rc2 Rc8 24. b4 Rh4 25. g4 g5 26. Ra3 Bxd4 27.
Rxa6 Rh3 28. Rcxc6 Rxc6+ 29. Rxc6 Rxf3 30. a4 f6 31. a5 Kf7 32. b5 Rf2 33. b6
Be3+ 34. Kb1 Bd4 35. Bc5 Rb2+ 36. Kc1 Be5 37. a6 Ra2 38. a7 Bxh2 39. Rc7+ 1-0

[Event "3MCR_4D_2LA_4S"]
[Site "?"]
[Date "1999.??.??"]
[Round "4"]
[White "Rybakova, Ivana"]
[Black "Pech, Jan"]
[Result "1-0"]
[WhiteElo "1400"]
[BlackElo "1800"]
[PlyCount "77"]
[EventDate "1999.??.??"]
[EventType "corr"]

1. e4 c5 2. c3 d5 3. exd5 Qxd5 4. d4 e6 5. Nf3 Nc6 6. Bd3 Nf6 7. O-O Bd7 8. Re1
cxd4 9. cxd4 Nxd4 10. Nxd4 Qxd4 11. Rxe6+ Be7 12. Nc3 Qc5 13. Re1 O-O 14. Be3
Qd6 15. Ne4 Nxe4 16. Bxe4 Bc6 17. Qxd6 Bxd6 18. Bxc6 bxc6 19. Rac1 Rfc8 20.
Red1 Be5 21. b3 a5 22. Rc4 g6 23. g4 Ra6 24. Re4 Bg7 25. Rd7 Raa8 26. Rf4 f6
27. Rc4 Rab8 28. Ra7 Rb5 29. Ra4 f5 30. gxf5 Rxf5 31. R4xa5 Rxa5 32. Rxa5 Rc7
33. Ra8+ Kf7 34. a4 Rb7 35. a5 Rxb3 36. a6 Ra3 37. a7 Ke6 38. Re8+ Kd7 39. a8=Q
1-0

[Event "3MCR_4D_2LA_4S"]
[Site "?"]
[Date "1999.??.??"]
[Round "4"]
[White "Volf, Frantisek"]
[Black "Rybakova, Ivana"]
[Result "1/2-1/2"]
[WhiteElo "2000"]
[BlackElo "1400"]
[PlyCount "84"]
[EventDate "1999.??.??"]
[EventType "corr"]

1. d4 d5 2. c4 e6 3. Nc3 Nf6 4. Bg5 Be7 5. e3 O-O 6. Nf3 h6 7. Bxf6 Bxf6 8. Rc1
b6 9. cxd5 exd5 10. Bd3 Bb7 11. O-O Re8 12. Ne2 Nd7 13. Bb5 a6 14. Bc6 Bxc6 15.
Rxc6 Nb8 16. Rc1 Qd6 17. Qc2 Ra7 18. Rfd1 c6 19. Rd3 Rc7 20. Nf4 Nd7 21. Rc3
Rec8 22. Qd3 a5 23. Qf5 Be7 24. Ne5 Bf6 25. Nxd7 Rxd7 26. Rb3 Rb8 27. Qg4 Bg5
28. Nd3 Rc7 29. Qh3 Be7 30. Rbc3 Rbc8 31. Qg4 c5 32. dxc5 bxc5 33. R3c2 Qe6 34.
Qa4 Qb6 35. Rd1 Rd8 36. h3 c4 37. Nf4 d4 38. e4 Qb4 39. Qxb4 Bxb4 40. b3 Re7
41. bxc4 Rxe4 42. g3 Rc8 1/2-1/2

[Event "3MCR_4D_2LA_4S"]
[Site "?"]
[Date "1999.??.??"]
[Round "4"]
[White "Doktor, Pavel"]
[Black "Pech, Jan"]
[Result "0-1"]
[WhiteElo "1985"]
[BlackElo "1800"]
[PlyCount "70"]
[EventDate "1999.??.??"]
[EventType "corr"]

1. e4 c5 2. c3 d5 3. exd5 Qxd5 4. d4 e6 5. Nf3 Nf6 6. Na3 Nc6 7. Nb5 Qd8 8.
dxc5 Bxc5 9. Qxd8+ Kxd8 10. Bg5 Ke7 11. Bc4 a6 12. Nbd4 Nxd4 13. Nxd4 Rd8 14.
Nb3 Ba7 15. Rd1 Rxd1+ 16. Kxd1 Bxf2 17. Rf1 Bb6 18. Bd3 h6 19. Bxf6+ gxf6 20.
Rf4 f5 21. Rh4 Be3 22. Ke2 Bg5 23. Rc4 b5 24. Rb4 e5 25. c4 e4 26. Bb1 bxc4 27.
Na5 Be6 28. Nxc4 Rd8 29. Bc2 Bxc4+ 30. Rxc4 Rd2+ 31. Kf1 Kd6 32. Bb3 Rxb2 33.
Rc2 Rb1+ 34. Ke2 f6 35. h4 Bf4 0-1

[Event "3MCR_4D_2LA_4S"]
[Site "?"]
[Date "1999.??.??"]
[Round "4"]
[White "Jordanek, Jiri"]
[Black "Rybakova, Ivana"]
[Result "0-1"]
[WhiteElo "1800"]
[BlackElo "1400"]
[PlyCount "82"]
[EventDate "1999.??.??"]
[EventType "corr"]

1. e4 e5 2. Nf3 Nc6 3. Bb5 a6 4. Ba4 Nf6 5. O-O Be7 6. Re1 b5 7. Bb3 O-O 8. a4
Bb7 9. d3 Re8 10. Nbd2 Bf8 11. c3 d6 12. Ng5 Re7 13. Bxf7+ Rxf7 14. Nxf7 Kxf7
15. axb5 axb5 16. Qb3+ Kg6 17. Rxa8 Qxa8 18. Re3 h6 19. Qxb5 Kh7 20. Nf3 Be7
21. Qc4 Ba6 22. Qf7 Qg8 23. Ng5+ Kh8 24. Qxg8+ Kxg8 25. Ne6 Ne8 26. f4 Bc8 27.
f5 Bxe6 28. fxe6 Nd8 29. Re2 Nxe6 30. b4 Kf7 31. Ra2 Bg5 32. Bxg5 Nxg5 33. Ra7
Ne6 34. b5 Kg6 35. Kf2 Nf6 36. d4 Nxe4+ 37. Ke3 Nxc3 38. dxe5 dxe5 39. Ra5 Nc5
40. g4 Kg5 41. Ra1 Nd5+ 0-1

[Event "3MCR_4D_2LA_4S"]
[Site "?"]
[Date "1999.??.??"]
[Round "4"]
[White "Macik, Jiri"]
[Black "Orlicek, Karel"]
[Result "0-1"]
[WhiteElo "2050"]
[BlackElo "2010"]
[PlyCount "94"]
[EventDate "1999.??.??"]
[EventType "corr"]

1. d4 Nf6 2. c4 g6 3. Nc3 d5 4. cxd5 Nxd5 5. e4 Nxc3 6. bxc3 Bg7 7. Bc4 c5 8.
Ne2 Nd7 9. Be3 Qa5 10. Rb1 cxd4 11. Bxd4 O-O 12. Bxg7 Kxg7 13. O-O Qc7 14. Bd5
Rd8 15. Qc2 e6 16. Bb3 b6 17. Nd4 Nc5 18. Rfd1 Ba6 19. Ba4 e5 20. Nb5 Rxd1+ 21.
Rxd1 Qc6 22. c4 Bb7 23. Nc3 Nxa4 24. Nxa4 Qxe4 25. Qxe4 Bxe4 26. Nc3 Bf5 27.
Re1 Rc8 28. Rxe5 Rxc4 29. Re3 b5 30. a3 a5 31. Kf1 b4 32. axb4 axb4 33. Ne2 Bc2
34. Nc1 Ba4 35. Nb3 Bxb3 36. Rxb3 Rd4 37. Ke2 Kf6 38. Re3 Kf5 39. f3 Rc4 40.
Kd2 f6 41. Re2 h5 42. Kd3 Rc3+ 43. Kd4 h4 44. h3 Rc8 45. Rb2 Rb8 46. Rb3 g5 47.
Ke3 Ke5 0-1

[Event "3MCR_4D_2LA_4S"]
[Site "?"]
[Date "1999.??.??"]
[Round "4"]
[White "Bernath, Stepan"]
[Black "Macik, Jiri"]
[Result "0-1"]
[WhiteElo "1800"]
[BlackElo "2050"]
[PlyCount "70"]
[EventDate "1999.??.??"]
[EventType "corr"]

1. e4 Nf6 2. e5 Nd5 3. c4 Nb6 4. d4 d6 5. exd6 cxd6 6. Be3 e5 7. Nc3 exd4 8.
Bxd4 Be6 9. b3 Nc6 10. Nf3 d5 11. cxd5 Nxd5 12. Bb5 Bb4 13. Bxc6+ bxc6 14. Rc1
Qa5 15. Qc2 c5 16. Bxg7 Rg8 17. Be5 f6 18. O-O fxe5 19. Nxd5 Bxd5 20. Qf5 Qb6
21. Ng5 Qd6 22. Rfd1 Rd8 23. f3 Ba3 24. Rc2 Rf8 25. Qxh7 Qf6 26. Qxa7 Bc6 27.
Rxd8+ Qxd8 28. Rf2 Qxg5 29. Qxa3 Qe3 30. Qb2 Bxf3 31. gxf3 Rg8+ 32. Kf1 Qd3+
33. Qe2 Qb1+ 34. Qe1 Rg1+ 35. Kxg1 Qxe1+ 0-1

[Event "3MCR_4D_2LA_4S"]
[Site "?"]
[Date "1999.??.??"]
[Round "4"]
[White "Spilka, Jiri"]
[Black "Macik, Jiri"]
[Result "0-1"]
[WhiteElo "2000"]
[BlackElo "2050"]
[PlyCount "70"]
[EventDate "1999.??.??"]
[EventType "corr"]

1. c4 e5 2. Nc3 Nf6 3. g3 c6 4. Nf3 d6 5. Bg2 Be7 6. O-O Nbd7 7. d4 O-O 8. Qc2
Re8 9. b3 Bf8 10. dxe5 dxe5 11. Bb2 Bc5 12. Rad1 Qe7 13. Nd2 Nb6 14. h3 Bd6 15.
Qc1 Bc7 16. Nde4 Bf5 17. Ba3 Qe6 18. Nd6 Bxh3 19. Nxe8 Rxe8 20. Qg5 Bxg2 21.
Kxg2 h6 22. Qh4 e4 23. f4 Ng4 24. Bc5 f5 25. Bg1 Nd7 26. Kh1 Ba5 27. Na4 e3 28.
Qh3 Ndf6 29. Nc5 Qe7 30. Nd3 Ne4 31. Rc1 Rd8 32. Qg2 Qe8 33. Qh3 c5 34. Ne5 Rd2
35. Nxg4 fxg4 0-1

[Event "3MCR_4D_2LA_4S"]
[Site "?"]
[Date "1999.??.??"]
[Round "4"]
[White "Celbr, Rudolf"]
[Black "Macik, Jiri"]
[Result "1-0"]
[WhiteElo "1800"]
[BlackElo "2050"]
[PlyCount "91"]
[EventDate "1999.??.??"]
[EventType "corr"]

1. c4 e5 2. Nc3 Nf6 3. Nf3 Nc6 4. g3 Bb4 5. Bg2 O-O 6. O-O Re8 7. Nd5 Nxd5 8.
cxd5 Nd4 9. Nxd4 exd4 10. e4 c6 11. d3 cxd5 12. Qb3 Qa5 13. a3 Bd6 14. e5 Rxe5
15. Bf4 Re6 16. Qxd5 Qxd5 17. Bxd5 Rf6 18. Rfe1 Kf8 19. Re4 Bxf4 20. Rae1 g6
21. gxf4 Rd6 22. Re8+ Kg7 23. R1e5 a5 24. f5 Rf6 25. fxg6 Rxg6+ 26. Kh1 d6 27.
R5e7 Be6 28. Rxe6 fxe6 29. Rxa8 exd5 30. Rxa5 Rf6 31. Kg2 Rg6+ 32. Kf1 Rg5 33.
Rb5 Rh5 34. Rxb7+ Kf6 35. a4 Rxh2 36. a5 Rh1+ 37. Kg2 Ra1 38. b4 h5 39. Rb6 Ke6
40. a6 Ra3 41. b5 h4 42. Rb8 Ra5 43. Rh8 Rxb5 44. a7 Ra5 45. a8=Q Rxa8 46. Rxa8
1-0

[Event "3MCR_4D_2LA_4S"]
[Site "?"]
[Date "1999.??.??"]
[Round "4"]
[White "Celbr, Rudolf"]
[Black "Jordanek, Jiri"]
[Result "1-0"]
[WhiteElo "1800"]
[BlackElo "1800"]
[PlyCount "83"]
[EventDate "1999.??.??"]
[EventType "corr"]

1. c4 Nf6 2. Nc3 c5 3. Nf3 Nc6 4. d4 cxd4 5. Nxd4 e6 6. g3 Qb6 7. Ndb5 Ne5 8.
Bg2 a6 9. Be3 Qa5 10. Bf4 axb5 11. Bxe5 Ng4 12. Bd6 bxc4 13. Bxf8 Qb6 14. O-O
Rxf8 15. Rb1 f5 16. e4 Ra5 17. Qe2 Nf6 18. Qxc4 Kf7 19. b4 Re5 20. Na4 Qc6 21.
Qd4 Rxe4 22. Bxe4 fxe4 23. Nb6 Nd5 24. Nxc8 Rxc8 25. Qxe4 Qc2 26. Qxc2 Rxc2 27.
a3 Nc3 28. Rbe1 d5 29. f4 Ne2+ 30. Kg2 Nd4+ 31. Rf2 Rc4 32. Re3 Kf6 33. Rd3 Kf5
34. g4+ Ke4 35. Rh3 h6 36. Rh5 Kd3 37. Re5 g6 38. h4 Rc3 39. h5 gxh5 40. Rxh5
Ke4 41. Re5+ Kd3 42. f5 1-0

[Event "3MCR_4D_2LA_4S"]
[Site "?"]
[Date "1999.??.??"]
[Round "4"]
[White "Kovac, Alexandr"]
[Black "Orlicek, Karel"]
[Result "0-1"]
[WhiteElo "1800"]
[BlackElo "2010"]
[PlyCount "100"]
[EventDate "1999.??.??"]
[EventType "corr"]

1. d4 Nf6 2. c4 g6 3. Nc3 d5 4. cxd5 Nxd5 5. e4 Nxc3 6. bxc3 Bg7 7. Bb5+ c6 8.
Ba4 b5 9. Bb3 a5 10. Nf3 a4 11. Bc2 O-O 12. O-O Nd7 13. Rb1 Nb6 14. Bd3 Be6 15.
Qe2 Bc4 16. Rd1 Bxd3 17. Qxd3 f5 18. Ng5 Qd7 19. Re1 h6 20. Nf3 Qd6 21. exf5
Rxf5 22. Qe4 Raf8 23. Bd2 Nc4 24. Re2 Kh7 25. Rbe1 e5 26. Bc1 R8f7 27. Qg4 Rf8
28. Qg3 exd4 29. Qxd6 Nxd6 30. Ba3 b4 31. cxb4 d3 32. Re7 Nc4 33. Bc1 R8f7 34.
Rxf7 Rxf7 35. Re4 Na3 36. Kf1 Nb1 37. Re6 Rd7 38. Nd2 Nc3 39. a3 c5 40. bxc5
Ne2 41. Rxe2 dxe2+ 42. Kxe2 Re7+ 43. Kd3 Re1 44. Kc2 Re5 45. Nc4 Rxc5 46. Kd3
Rb5 47. Bd2 Rb3+ 48. Kc2 Kg8 49. f3 Kf7 50. Bb4 Ke6 0-1

[Event "3MCR_4D_2LA_4S"]
[Site "?"]
[Date "1999.??.??"]
[Round "4"]
[White "Rybakova, Ivana"]
[Black "Trcka, Vaclav"]
[Result "1/2-1/2"]
[WhiteElo "1400"]
[BlackElo "2130"]
[PlyCount "77"]
[EventDate "1999.??.??"]
[EventType "corr"]

1. e4 c5 2. c3 Nf6 3. e5 Nd5 4. d4 cxd4 5. Nf3 Nc6 6. Bc4 Nb6 7. Bb3 d5 8. exd6
Qxd6 9. Na3 a6 10. O-O e6 11. cxd4 Be7 12. Be3 O-O 13. Ne5 Nb4 14. Rc1 N4d5 15.
Qf3 Bf6 16. Qe4 Bd7 17. Nac4 Nxc4 18. Nxc4 Qb8 19. Ne5 Bb5 20. Rfe1 Rd8 21. Bc2
g6 22. Ng4 Bg7 23. Bg5 Rd7 24. Bb3 Qf8 25. Ne5 Rd6 26. Rc5 b6 27. Rcc1 Rc8 28.
a4 Bd7 29. Qe2 h6 30. Bd2 a5 31. Qf3 Rxc1 32. Rxc1 Ne7 33. Be3 Nd5 34. Qg3 Qe7
35. Bd2 Be8 36. Re1 Rd8 37. Ng4 Kh7 38. Qh3 h5 39. Ne5 1/2-1/2

[Event "3MCR_4D_2LA_4S"]
[Site "?"]
[Date "1999.??.??"]
[Round "4"]
[White "Kovac, Alexandr"]
[Black "Rybakova, Ivana"]
[Result "0-1"]
[WhiteElo "1800"]
[BlackElo "1400"]
[PlyCount "104"]
[EventDate "1999.??.??"]
[EventType "corr"]

1. d4 d5 2. c4 e6 3. Nc3 Nf6 4. Bg5 Be7 5. e3 O-O 6. Nf3 h6 7. Bh4 b6 8. Bd3
Bb7 9. O-O Nbd7 10. Qe2 c5 11. Bg3 Ne4 12. cxd5 exd5 13. Rad1 Nxg3 14. hxg3 Nf6
15. dxc5 bxc5 16. Ba6 Qb6 17. Bxb7 Qxb7 18. Rd2 Rfd8 19. Rfd1 Rd6 20. Ne1 Rad8
21. Nd3 Qc6 22. Qf3 Qc8 23. Nf4 d4 24. exd4 Rxd4 25. Rd3 Qf5 26. Nce2 Rxd3 27.
Rxd3 c4 28. Rxd8+ Bxd8 29. Nc3 Bb6 30. Qe2 g5 31. Nh3 Ng4 32. Qf3 Qxf3 33. gxf3
Ne5 34. f4 Nd3 35. fxg5 hxg5 36. Nxg5 Bxf2+ 37. Kg2 Bd4 38. Nge4 Nxb2 39. Nd5
Kf8 40. Kf3 Be5 41. g4 Ke8 42. Nec3 Kd7 43. Ke4 Bh8 44. Nb5 a5 45. Nd4 Kd6 46.
Nf5+ Kc5 47. Nh6 Nd1 48. Nxf7 Bb2 49. Ne3 Nc3+ 50. Kf3 Nxa2 51. Ke2 a4 52. Nd6
Kxd6 0-1

[Event "3MCR_4D_2LA_4S"]
[Site "?"]
[Date "1999.??.??"]
[Round "4"]
[White "Kovac, Alexandr"]
[Black "Trcka, Vaclav"]
[Result "1/2-1/2"]
[WhiteElo "1800"]
[BlackElo "2130"]
[PlyCount "115"]
[EventDate "1999.??.??"]
[EventType "corr"]

1. d4 f5 2. c4 Nf6 3. g3 e6 4. Bg2 Be7 5. Nc3 O-O 6. Nf3 d5 7. O-O c6 8. b3 Qe8
9. e3 Nbd7 10. Bb2 Ne4 11. Ne2 g5 12. Qc2 b5 13. cxb5 cxb5 14. Rac1 Bb7 15. Qc7
Rb8 16. Ne5 Nxe5 17. dxe5 Bb4 18. Nd4 Bd2 19. Rb1 Rf7 20. Qc2 Ba5 21. Rbc1 b4
22. Bxe4 Rc8 23. Qe2 dxe4 24. Rxc8 Bxc8 25. Rc1 Bb7 26. Qb5 Qxb5 27. Nxb5 Rd7
28. Nd6 Bd8 29. Bd4 Ba6 30. g4 fxg4 31. Nxe4 Be2 32. Rc8 Kf7 33. Nc5 Rd5 34.
Rb8 a5 35. Rb7+ Be7 36. Ne4 Kf8 37. Rc7 Bd8 38. Ra7 Be7 39. Rc7 Bd8 40. Rc8 Kf7
41. Nd6+ Ke7 42. Ra8 Bc7 43. Ra7 Kd7 44. Ne4 Kc6 45. Nxg5 Bxe5 46. Nxe6 Kd6 47.
Bxe5+ Kxe6 48. Bd4 Bd3 49. Kg2 Rb5 50. Ra6+ Kd7 51. Bb2 Bb1 52. a3 bxa3 53.
Bxa3 Kc7 54. Ra7+ Kb6 55. Rg7 Rxb3 56. Be7 h5 57. Bd8+ Ka6 58. Rg5 1/2-1/2

[Event "3MCR_4D_2LA_4S"]
[Site "?"]
[Date "1999.??.??"]
[Round "4"]
[White "Macik, Jiri"]
[Black "Volf, Frantisek"]
[Result "0-1"]
[WhiteElo "2050"]
[BlackElo "2000"]
[PlyCount "90"]
[EventDate "1999.??.??"]
[EventType "corr"]

1. d4 Nf6 2. c4 e6 3. g3 d5 4. Nf3 Be7 5. Bg2 O-O 6. O-O dxc4 7. Qc2 a6 8. a4
Bd7 9. Rd1 Bc6 10. Nc3 Bxf3 11. Bxf3 Nc6 12. Bxc6 bxc6 13. a5 Qb8 14. Qa4 c5
15. dxc5 Bxc5 16. Qxc4 Qa7 17. e3 Rab8 18. Ra4 Bd6 19. e4 Bc5 20. Qe2 Qb7 21.
Rc4 Bb4 22. Bg5 Ne8 23. Na2 Bxa5 24. Be7 Qxb2 25. Rc2 Qb5 26. Qxb5 axb5 27. Nb4
Bxb4 28. Bxb4 f6 29. Bxf8 Kxf8 30. Rb1 Rb7 31. Rb4 Rb6 32. f4 c6 33. Kf2 e5 34.
Ke3 Ke7 35. Ra2 c5 36. Ra7+ Kd6 37. Rb1 Nc7 38. fxe5+ fxe5 39. Rf1 c4 40. Rf7
Ne6 41. Rad7+ Kc5 42. Rf5 c3 43. Kd3 Kb4 44. Rxe5 Kb3 45. Rdd5 b4 0-1

[Event "3MCR_4D_2LA_4S"]
[Site "?"]
[Date "1999.??.??"]
[Round "4"]
[White "Pech, Jan"]
[Black "Spilka, Jiri"]
[Result "1-0"]
[WhiteElo "1800"]
[BlackElo "2000"]
[PlyCount "83"]
[EventDate "1999.??.??"]
[EventType "corr"]

1. e4 Nf6 2. e5 Nd5 3. d4 d6 4. c4 Nb6 5. exd6 exd6 6. Nc3 Be7 7. h3 Nc6 8. Nf3
O-O 9. Be2 Re8 10. O-O Bf6 11. Be3 Bf5 12. b3 a6 13. Bd3 Bxd3 14. Qxd3 d5 15.
c5 Nc8 16. Rfe1 b6 17. Bf4 N8e7 18. cxb6 cxb6 19. Rac1 Nb4 20. Qd2 Nbc6 21. Bg5
Bxg5 22. Qxg5 f6 23. Qg4 Kh8 24. Re3 b5 25. Qe6 b4 26. Na4 Rc8 27. Nc5 Qb6 28.
Rce1 Qb8 29. Qd7 Rcd8 30. Qg4 Rc8 31. Nxa6 Qd6 32. Nc5 Rg8 33. Re6 Qd8 34. Nb7
Qc7 35. Nd6 Rcf8 36. Qh5 g6 37. Qh4 g5 38. Qh6 Rg7 39. Rxf6 Rxf6 40. Qxf6 Ng8
41. Qf8 h6 42. Re6 1-0

[Event "3MCR_4D_2LA_4S"]
[Site "?"]
[Date "1999.??.??"]
[Round "4"]
[White "Doktor, Pavel"]
[Black "Spilka, Jiri"]
[Result "1-0"]
[WhiteElo "1985"]
[BlackElo "2000"]
[PlyCount "107"]
[EventDate "1999.??.??"]
[EventType "corr"]

1. e4 Nf6 2. e5 Nd5 3. d4 d6 4. Nf3 Bg4 5. Be2 c6 6. Ng5 Bf5 7. e6 fxe6 8. g4
Bg6 9. Bd3 Bxd3 10. Qxd3 g6 11. h4 Bh6 12. h5 Bxg5 13. Bxg5 gxh5 14. Rxh5 Qb6
15. Nd2 Nd7 16. Nc4 Qa6 17. O-O-O c5 18. Rxh7 Rxh7 19. Qxh7 O-O-O 20. Na3 N7f6
21. Bxf6 exf6 22. dxc5 Qe2 23. c6 bxc6 24. Qxa7 Qxg4 25. Qa6+ Kc7 26. Qa7+ Kc8
27. Qa6+ Kc7 28. Nc4 Qf4+ 29. Rd2 Rb8 30. Qa7+ Rb7 31. Qa5+ Kd7 32. Qa6 Rc7 33.
a3 Qg5 34. b3 f5 35. Nb6+ Nxb6 36. Qxb6 Qf6 37. Kb1 d5 38. f4 Rc8 39. Rh2 Qg7
40. Qc5 Qe7 41. Qa7+ Rc7 42. Qb8 Rc8 43. Qb7+ Rc7 44. Qb6 c5 45. a4 Qg7 46. Rh1
Rc6 47. Qb7+ Rc7 48. Qb5+ Kd6 49. Qb6+ Kd7 50. a5 Rc6 51. Qb7+ Rc7 52. Qb5+ Kd6
53. Qb6+ Rc6 54. Qd8+ 1-0

[Event "3MCR_4D_2LA_4S"]
[Site "?"]
[Date "1999.??.??"]
[Round "4"]
[White "Macik, Jiri"]
[Black "Kovac, Alexandr"]
[Result "1/2-1/2"]
[WhiteElo "2050"]
[BlackElo "1800"]
[PlyCount "81"]
[EventDate "1999.??.??"]
[EventType "corr"]

1. d4 Nf6 2. c4 g6 3. Nc3 Bg7 4. e4 d6 5. f3 O-O 6. Be3 e5 7. d5 c6 8. Bd3 cxd5
9. cxd5 Nh5 10. Nge2 f5 11. exf5 gxf5 12. O-O Nd7 13. Rc1 Nc5 14. Bb1 a5 15. f4
e4 16. Bd4 Nf6 17. Qd2 b6 18. Nd1 Ba6 19. Ne3 Qd7 20. Rfe1 Rac8 21. Ng3 Ne8 22.
Ngxf5 Rxf5 23. Nxf5 Qxf5 24. Bxc5 dxc5 25. Rxe4 Qd7 26. Rce1 Bd4+ 27. Rxd4 cxd4
28. Qxd4 Rc5 29. Qe5 Ng7 30. Qe4 Nh5 31. d6 Nf6 32. Qd4 Qg7 33. a3 Bb5 34. b4
axb4 35. axb4 Rc8 36. Bf5 Re8 37. Rxe8+ Bxe8 38. Qxb6 Nd7 39. Qe3 Kf8 40. g4
Bg6 41. Be6 1/2-1/2

[Event "3MCR_4D_2LA_4S"]
[Site "?"]
[Date "1999.??.??"]
[Round "4"]
[White "Portych, Vaclav"]
[Black "Spilka, Jiri"]
[Result "1-0"]
[WhiteElo "1925"]
[BlackElo "2000"]
[PlyCount "99"]
[EventDate "1999.??.??"]
[EventType "corr"]

1. c4 Nf6 2. Nc3 e5 3. Nf3 Nc6 4. g3 Bb4 5. Bg2 O-O 6. O-O e4 7. Ng5 Bxc3 8.
bxc3 Re8 9. f3 exf3 10. Nxf3 Qe7 11. e3 d6 12. Nd4 Ne5 13. d3 Bg4 14. Qc2 c6
15. Nf5 Qd7 16. e4 Bxf5 17. Rxf5 Kh8 18. Bg5 Ng8 19. Raf1 f6 20. Bc1 Ne7 21.
R5f2 b6 22. h3 Rad8 23. Kh2 Rb8 24. Be3 c5 25. Qe2 Qe6 26. d4 cxd4 27. cxd4
Nxc4 28. d5 Qc8 29. Rc1 b5 30. Bxa7 Ra8 31. Bd4 Ra3 32. Qf1 Rf8 33. Rb1 Qa6 34.
Rb3 Rxa2 35. Rxa2 Qxa2 36. Rxb5 Ng6 37. Rb7 Nge5 38. Ra7 Qc2 39. Qf4 Nd2 40.
Bxe5 dxe5 41. Qf2 Kg8 42. d6 Rd8 43. Rc7 Qa2 44. Qe2 f5 45. exf5 e4 46. f6 g6
47. Rg7+ Kf8 48. d7 h5 49. Rh7 Kg8 50. Re7 1-0

[Event "3MCR_4D_2LA_4S"]
[Site "?"]
[Date "1999.??.??"]
[Round "4"]
[White "Spilka, Jiri"]
[Black "Volf, Frantisek"]
[Result "1/2-1/2"]
[WhiteElo "2000"]
[BlackElo "2000"]
[PlyCount "88"]
[EventDate "1999.??.??"]
[EventType "corr"]

1. c4 c6 2. Nf3 d5 3. b3 Nf6 4. g3 Bf5 5. Bg2 e6 6. O-O Nbd7 7. Bb2 Bd6 8. Nc3
O-O 9. d3 Qe7 10. cxd5 exd5 11. Rc1 Rfe8 12. Re1 Bg4 13. Nd4 Bc5 14. Nc2 Bb6
15. h3 Bh5 16. g4 Bg6 17. d4 Ba5 18. e3 Ne4 19. Na1 Nxf2 20. Kxf2 Qh4+ 21. Kg1
Re6 22. Re2 h5 23. Qe1 Qg5 24. Qg3 Nf6 25. a3 Bd3 26. Ree1 hxg4 27. h4 Qh6 28.
Rcd1 Ne4 29. Bxe4 Bxe4 30. Nxe4 Bxe1 31. Rxe1 Rxe4 32. Nc2 Rae8 33. Rf1 R8e6
34. Bc1 Rf6 35. Rxf6 Qxf6 36. b4 Qf5 37. Ne1 Re6 38. Qf2 Qb1 39. Qd2 Qa1 40.
Kg2 f5 41. Kg3 Qb1 42. Qc2 Qxc2 43. Nxc2 Re4 44. Ne1 g6 1/2-1/2

[Event "3MCR_4D_2LA_4S"]
[Site "?"]
[Date "1999.??.??"]
[Round "4"]
[White "Volf, Frantisek"]
[Black "Kovac, Alexandr"]
[Result "1/2-1/2"]
[WhiteElo "2000"]
[BlackElo "1800"]
[PlyCount "110"]
[EventDate "1999.??.??"]
[EventType "corr"]

1. d4 Nf6 2. c4 g6 3. Nc3 Bg7 4. e4 d6 5. f3 O-O 6. Be3 e5 7. d5 c6 8. Bd3 cxd5
9. cxd5 Nh5 10. Nge2 f5 11. exf5 gxf5 12. O-O Nd7 13. Qd2 Nc5 14. Bc2 a5 15.
Bxc5 dxc5 16. d6 Kh8 17. Rad1 Be6 18. Ba4 Qb6 19. d7 Bc4 20. b3 Bh6 21. Qd6
Qxd6 22. Rxd6 Be3+ 23. Kh1 Ba6 24. Re1 Rad8 25. Nd1 Bd4 26. Nxd4 exd4 27. Re5
b5 28. Nb2 bxa4 29. Nxa4 c4 30. Rxa5 Rf7 31. Raxa6 Rfxd7 32. Rxd7 Rxd7 33. bxc4
d3 34. h3 d2 35. Nc3 d1=Q+ 36. Nxd1 Rxd1+ 37. Kh2 f4 38. Ra8+ Kg7 39. Ra7+ Kg6
40. Ra6+ Kg5 41. Ra5+ Kh4 42. Ra7 h6 43. Rf7 Rc1 44. Rf8 Rxc4 45. Rh8 Rc6 46.
Rg8 Nf6 47. Rd8 Rc4 48. Rd6 Kg5 49. h4+ Kf5 50. Ra6 h5 51. g3 Rc2+ 52. Kh3 Ng4
53. Ra5+ Ne5 54. Ra4 Nd3 55. Ra5+ Kg6 1/2-1/2